| 000 | 03078nam a2200253Ia 4500 | ||
|---|---|---|---|
| 003 | Ost | ||
| 005 | 20260507075315.0 | ||
| 008 | 260507s9999||||xx |||||||||||||| ||und|| | ||
| 020 | _a9789957166250 | ||
| 040 | _cfsecg | ||
| 041 | _aara | ||
| 082 | _a341.522;341.754 | ||
| 100 |
_aالزعبي، محمد داود _eمؤلف |
||
| 245 | 0 |
_aدعوى بطلان حكم التحكيم في المنازعات التجارية الدولية / _c محمد داود الزعبي |
|
| 246 | _aThe legal action for the nullity of arbitration award in the international commercial disputes | ||
| 260 |
_aعمان: _bدار الثقافة للنشر والتوزيع, _c2012 |
||
| 300 |
_a384 صفحة؛ _c25 سم |
||
| 504 | _aأصل هذا الكتاب رسالة دكتوراه ببليوغرافيا: ص.373-384 | ||
| 520 | _aالمقدمة-الفصل الأول : ماهية التحكيم الدولي وطبيعته القانونية : المحور الأول : التعريف بالتحكيم : المحور الثاني : معايير تحديد الصفة التجارية الدولية والصفة الداخلية والأجنبية للتحكيم : المحور الثالث : ماهية دعوى بطلان أحكام التحكيم والمحكمة الختصة بنظرها-الفصل الثاني : نظام صدور حكم التحكيم الدولي : المحور الأول : كيفية صدور حكم التحكيم الدولي وشروط صحته وآثاره : المحور الثاني : التزامات المحكم في إصدار الحكم وعدم تعرض حكمه لدعوى البطلان : المحور الثالث : مدى سلطة المحكم بعد صدور الحكم غير الخاضع لدعوى البطلان-الفصل الثالث : التنظيم القانوني لتنفيذ حكم التحكيم : المحور الأول : تنفيذ أحكام التحكيم الدولية : المحور الثاني : رفض تنفيذ أحكام التحكيم الدولية-الفصل الرابع : حكم التحكيم المحرر : المحور الأول : تحرير حكم التحكيم وفقاً للقوانين الوطنية والاتفاقيات الدولية : المحور الثاني : حكم التحكيم المحرر المطلوب تنفيذه : المحور الثالث : كيفية معاملة حكم التحكيم المقيد (غير المحرر)-الفصل الخامس : الطعن بالبطلان في أحكام التحكيم وفقاً لقواعد التحكيم الدولية : المحور الأول : الطعن في أحكام التحكيم الدولية وفقاً لنصوص الاتفاقيات الدولية والتشريعات الوطنية : المحور الثاني : حالات الطعن بالبطلان في أحكام التحكيم وفقاً للقانون الأردني | ||
| 653 | _aالتحكيم التجاري | ||
| 653 | _aالتحكيم الدولي | ||
| 653 | _aالتسوية السليمة للمنازعات الدولية | ||
| 942 | _cكتاب | ||
| 999 |
_c43891 _d43891 |
||